Á lódáil...

Improving college teaching /

Sonraí Bibleagrafaíochta
Príomhúdar: Seldin, Peter
Formáid: Printed Book
Teanga:English
Foilsithe: Bolton, MA : Anker Pub. Co., c1995.
Ábhair:
LEADER 01012cam a2200289 a 4500
001 4460835
003 OSt
005 20200624161201.0
008 950530s1995 maua b 000 0 eng d
999 |c 293137  |d 293137 
010 |a  95169003  
020 |a 1882982088 :  |c $32.95 
035 |a (OCoLC)32571185 
040 |a GMJ  |c GMJ  |d DLC 
042 |a lccopycat 
050 0 0 |a LB2331  |b .S432 1995 
082 0 0 |a 378.125  |b SEL/I 
100 1 |a Seldin, Peter. 
245 1 0 |a Improving college teaching /  |c Peter Seldin and associates. 
260 |a Bolton, MA :  |b Anker Pub. Co.,  |c c1995. 
300 |a xiv, 273 p. :  |b ill. ;  |c 24 cm. 
504 |a Includes bibliographical references and index. 
650 0 |a College teaching. 
906 |a 7  |b cbc  |c copycat  |d 2  |e ncip  |f 19  |g y-gencatlg 
942 |2 ddc  |c BK 
955 |a pb12 06-22-95 to cat.; sj06 06-29-95; sj10 06-29-95; sj05 07-06-95 
952 |0 0  |1 0  |2 ddc  |4 0  |6 378_125000000000000_SEL_I  |7 0  |9 311991  |a EDU  |b EDU  |c NEW  |d 2020-06-24  |l 0  |o 378.125 SEL/I  |p EDU19097  |r 2020-06-24  |w 2020-06-24  |y BK